World directory of trade and business associations 2007.
| Format: | Book |
|---|---|
| Published: |
London:
Euromonitor International,
2007.
|
| Edition: | 5th ed. |
| Subjects: |
| LEADER | 00513cam a2200157 7i4500 | ||
|---|---|---|---|
| 001 | 0000020982 | ||
| 005 | 20080328090000.0 | ||
| 020 | 0 | 0 | |a 978-1-84264-414-0 |
| 090 | 0 | 0 | |a I 338.7025 |b WOR |
| 245 | 0 | 0 | |a World directory of trade and business associations 2007. |
| 250 | 0 | 0 | |a 5th ed. |
| 260 | 0 | 0 | |a London: |b Euromonitor International, |c 2007. |
| 300 | # | # | |a 628 p. |
| 650 | 0 | 0 | |a Business associations -- |x Directories |
| 650 | 0 | 0 | |a Trade associations -- |x Directories |
| 999 | |a B000022091 |b Book |c International |e Business Information Centre | ||


